000
00341nam a2200145Ia 4500
008
191201s2013 xx 000 0 und d
082
_a
658
_b
GOF
100
_a
GOYAL,Alok
245
0
_a
Fundamentals of Management
250
_a
Ed..
260
_a
N. delhi
_b
V K Enterprises
_c
2013
300
_a
276
650
_a
B.Tech(ME)
942
_2
ddc
_c
BK
999
_c
5731
_d
5731